00378nam a22001457a 4500003000400000008004100004020001800045082001500063100003800078245002900116250001300145260005100158300001100209650001200220OSt240402b |||||||| |||| 00| 0 eng d a9789385676208 a428.24 VEC aVERMA, Shalini and ANAND, Reetesh aCommon Errors in English aIst. ed. aNew Delhi,bS. Chand & Company Pvt. Ltd.c2016 a420 p. aEnglish